مكتبة جامعة عجلون الوطنية

فهرس بحث المكتبة

Normal view MARC view
  • القضاة، ليالي شهاب

Entry Personal Name

Number of records used in: 1

001 - CONTROL NUMBER

  • control field: 65348

003 - CONTROL NUMBER IDENTIFIER

  • control field: JO-AjAnu

005 - DATE AND TIME OF LATEST TRANSACTION

  • control field: 20240408112801.0

008 - FIXED-LENGTH DATA ELEMENTS

  • fixed length control field: 240408|| aca||aabn | a|a d

040 ## - CATALOGING SOURCE

  • Original cataloging agency: JO-AjAnu

100 #1 - HEADING--PERSONAL NAME

  • Personal name: القضاة، ليالي شهاب
  • Relator term: معد